| Tag |
First Indicator |
Second Indicator |
Subfields |
| LEADER |
00000cam a22000008i 4500 |
| 001 |
in00000047641 |
| 005 |
20151007073436.0 |
| 008 |
150910s1979 enkaf b 00110 eng |
| 010 |
|
|
|a 79040060
|
| 015 |
|
|
|a GB79
|
| 020 |
|
|
|a 0582783054 :
|c 8.25
|
| 020 |
|
|
|a 0582783062 (pbk) :
|c 3.95
|
| 035 |
|
|
|a (OCoLC)05170305
|
| 035 |
|
|
|9 AAE9727AM
|
| 040 |
|
|
|a DLC
|c DLC
|d TXA
|d UtOrBLW
|
| 043 |
|
|
|a ma-----
|a e-uk---
|
| 049 |
|
|
|a TXAM
|c [1405794]
|
| 050 |
0 |
0 |
|a DS63.2.G7
|b N3 1979
|
| 082 |
0 |
|
|a 301.29/17/4927041
|
| 100 |
1 |
|
|a Nasir, Sari J.
|
| 245 |
1 |
4 |
|a The Arabs and the English /
|c Sari J. Nasir.
|
| 250 |
|
|
|a 2d ed.
|
| 263 |
|
|
|a 7909
|
| 264 |
|
1 |
|a London :
|b Longman,
|c 1979.
|
| 300 |
|
|
|a xii, 186 pages, 10 unnumbered leaves of plates :
|b illustrations ;
|c 22 cm.
|
| 336 |
|
|
|a text
|b txt
|2 rdacontent
|
| 337 |
|
|
|a unmediated
|b n
|2 rdamedia
|
| 338 |
|
|
|a volume
|b nc
|2 rdacarrier
|
| 500 |
|
|
|a This edition includes additional chapter, New encounter and old stereotypes.
|
| 504 |
|
|
|a Includes bibliographical references and index.
|
| 650 |
|
0 |
|a Public opinion
|z Great Britain.
|
| 651 |
|
0 |
|a Arab countries
|x Relations
|z Great Britain.
|
| 651 |
|
0 |
|a Great Britain
|x Relations
|z Arab countries.
|
| 651 |
|
0 |
|a Arab countries
|x Foreign opinion, British.
|
| 999 |
|
|
|a MARS
|
| 999 |
f |
f |
|s 8b37f902-9308-3b7f-9229-8fb78f26fcc6
|i 911b2bf8-e98c-3123-a999-653e2f736315
|t 0
|
| 952 |
f |
f |
|p ric
|a Texas A&M University
|b Rellis Campus
|c Joint Library Facility
|d Remote Storage
|t 0
|e DS63.2.G7 N3 1979
|h Library of Congress classification
|i unmediated -- volume
|m A14802027356
|
| 998 |
f |
f |
|a DS63.2.G7 N3 1979
|t 0
|l Remote Storage
|